LEADER 01182nam 2200397 450 001 9910480105103321 010 $a1-5275-0525-1 035 $a(CKB)4100000001039993 035 $a(MiAaPQ)EBC5123769 035 $a(EXLCZ)994100000001039993 100 $a20171205h20172017 uy 0 101 0 $aeng 135 $aurcnu|||||||| 181 $2rdacontent 182 $2rdamedia 183 $2rdacarrier 200 10$aRethinking philosophers' responsibility /$fby Lydia Amir 210 1$aNewcastle upon Tyne, England :$cCambridge Scholars Publishing,$d2017. 210 4$dİ2017 215 $a1 online resource (362 pages) $cillustrations 311 $a1-4438-9366-8 320 $aIncludes bibliographical references and index. 606 $aPhilosophers 606 $aPhilosophers$xProfessional ethics 608 $aElectronic books. 615 0$aPhilosophers. 615 0$aPhilosophers$xProfessional ethics. 676 $a109.2 700 $aAmir$b Lydia$0859260 801 0$bMiAaPQ 801 1$bMiAaPQ 801 2$bMiAaPQ 906 $aBOOK 912 $a9910480105103321 996 $aRethinking philosophers' responsibility$92116364 997 $aUNINA LEADER 01118nam 2200385 450 001 9910822404803321 005 20210220095138.0 010 $a1-63157-904-5 035 $a(CKB)4100000011470823 035 $a(MiAaPQ)EBC6356184 035 $a(CaSebORM)9781631579042 035 $a(EXLCZ)994100000011470823 100 $a20210220d2021 uy 0 101 0 $aeng 135 $aurcnu|||||||| 181 $ctxt$2rdacontent 182 $cc$2rdamedia 183 $acr$2rdacarrier 200 10$aA.G.I.L.E. thinking demystified $emindset over mechanics /$fFrank M. Forte 210 1$aNew York, NY :$cBusiness Expert Press,$d2021. 215 $a1 online resource (109 pages) 311 $a1-63157-903-7 606 $aOrganizational change 606 $aOrganizational behavior 615 0$aOrganizational change. 615 0$aOrganizational behavior. 676 $a658.406 700 $aForte$b Frank M.$01644288 801 0$bMiAaPQ 801 1$bMiAaPQ 801 2$bMiAaPQ 906 $aBOOK 912 $a9910822404803321 996 $aA.G.I.L.E. thinking demystified$93990073 997 $aUNINA